مكتبة جامعة عجلون الوطنية

فهرس بحث المكتبة

قمر في الظهيرة (Record no. 34136)

MARC details
000 -LEADER
fixed length control field 00698nam a22002057a 4500
003 - CONTROL NUMBER IDENTIFIER
control field JO-AjAnu
005 - DATE AND TIME OF LATEST TRANSACTION
control field 20251021095023.0
008 - FIXED-LENGTH DATA ELEMENTS--GENERAL INFORMATION
fixed length control field 251018b jo ||||| |||| 00| 0 ara d
020 ## - INTERNATIONAL STANDARD BOOK NUMBER
International Standard Book Number 978-9957-94-848-1
022 ## - INTERNATIONAL STANDARD SERIAL NUMBER
International Standard Serial Number 4817/9/2022
040 ## - CATALOGING SOURCE
Original cataloging agency ANU
Transcribing agency JO-AjAnu
041 ## - LANGUAGE CODE
Language code of original ARA
100 ## - MAIN ENTRY--PERSONAL NAME
Personal name أبو شرار، بشرى
Relator term مؤلف
9 (RLIN) 66896
245 ## - TITLE STATEMENT
Title قمر في الظهيرة
Statement of responsibility, etc. / بشرى أبو شرار
260 ## - PUBLICATION, DISTRIBUTION, ETC.
Place of publication, distribution, etc. عمان :
Name of publisher, distributor, etc. وزارة الثقافة،
Date of publication, distribution, etc. 2022
300 ## - PHYSICAL DESCRIPTION
Extent 351 صفحة
490 ## - SERIES STATEMENT
Series statement القراءة للجميع 16رقم الاصدار 850
650 ## - SUBJECT ADDED ENTRY--TOPICAL TERM
Form subdivision الروايات العربية-الأدب العربي-العصر الحديث
9 (RLIN) 66895
942 ## - ADDED ENTRY ELEMENTS (KOHA)
Source of classification or shelving scheme Library of Congress Classification
Koha item type Books
Suppress in OPAC No
Holdings
Withdrawn status Lost status Source of classification or shelving scheme Damaged status Not for loan Home library Current library Date acquired Total Checkouts Full call number Barcode Date last seen Price effective from Koha item type
    Library of Congress Classification     مكتبة جامعة عجلون الوطنية مكتبة جامعة عجلون الوطنية 18/10/2025   PJ7908.A96.2022 A30525 18/10/2025 18/10/2025 Books
    Library of Congress Classification     مكتبة جامعة عجلون الوطنية مكتبة جامعة عجلون الوطنية 18/10/2025   PJ7908.A96.2022 A30526 18/10/2025 18/10/2025 Books